00445nam a2200133 a 450000500170000000800410001705000230005810000200008124500260010126000440012765000190017199900190019095201020020920140414131849.0100727s19uu xx 00 eng d aTR 372.4bH21 1994 aHarker, Jillian aLearn reading skills. aAuburn, Maine :bLadybird Books,c1994. aReading skills c110079d110079 001040aMUbMUcTRd2010-07-27l0oTR 372.4 H21 1994pM0331r2014-04-14 00:00:00w2014-04-14yBK